000 00806cam a2200265 4500
001 M86467
008 090401t1997 xxu||||| |||| 00| 0 eng d
035 _a(Sirsi) u80883
041 _aeng
050 _a346.41032
110 _aRoyal Institution of Chartered Surveyors
_94900
245 _aReport of the working party on professional liability in the public and corporate sectors.
260 _aLondon
_bRICS
_c1997
300 _a14p. ; 30cm.
350 _a5
650 _aCORPORATE SECTOR
650 _aPROFESSIONAL INDEMNITY INSURANCE
650 _aPROFESSIONAL INDEMNITY INSURANCE
650 _aPROFESSIONAL LIABILITY
650 _aPUBLIC SECTOR
690 _aMANAGEMENT-BUSINESS MANAGEMENT-PROFESSIONAL PRACTICE
700 _aOddy, Ian
_xChairman
942 _n0
948 _c15/09/1997
999 _c96650
_d96650